| 000 | 00813nam a22002777a 4500 | ||
|---|---|---|---|
| 003 | CHAP | ||
| 005 | 20220329133828.0 | ||
| 008 | 971013s1983 r 00010 d | ||
| 010 | _a11502 | ||
| 011 | _a12474 | ||
| 035 | _a15660 | ||
| 040 | _cCHAP | ||
| 082 |
_a331.88 _bN3Y |
||
| 100 | 0 | 0 |
_aNeuhaus, Rolf. _980925 |
| 245 |
_aSecretariados profesionales internacionales _b: objetivos, organización, actividades |
||
| 260 |
_aBonn : _bFundación Friedrich Ebert, _c1983 |
||
| 300 | _a168 p. | ||
| 500 | _aD14-95 | ||
| 590 |
_aBATCH-UPD _b10 _c20130110 _lUCH01 _h1005 |
||
| 590 |
_aCONVERSION _b10 _c20130109 _lUCH01 _h1308 |
||
| 650 | 1 | 4 |
_aProfesiones. _992237 |
| 650 | 1 | 4 |
_aSindicatos. _9106563 |
| 901 | _aBK | ||
| 942 | _cLIBRO | ||
| 949 |
_a331.88 N3Y _bBC _cLIBRO _d33724000345906 _eLIBRO _h72841 _i15660 _mD _si |
||
| 999 |
_c11502 _d11502 |
||